Advanced Calculus (Record no. 2605)

MARC details
000 -LEADER
fixed length control field 00503nam a22001937a 4500
003 - CONTROL NUMBER IDENTIFIER
control field OSt
005 - DATE AND TIME OF LATEST TRANSACTION
control field 20191211142609.0
008 - FIXED-LENGTH DATA ELEMENTS--GENERAL INFORMATION
fixed length control field 151118b xxu||||| |||| 00| 0 eng d
020 ## - INTERNATIONAL STANDARD BOOK NUMBER
International Standard Book Number 0333660927
040 ## - CATALOGING SOURCE
Transcribing agency 040a
082 ## - DEWEY DECIMAL CLASSIFICATION NUMBER
Classification number 515 DYK 1998
100 ## - MAIN ENTRY--PERSONAL NAME
Personal name Dyke, Phil
9 (RLIN) 6202
245 ## - TITLE STATEMENT
Title Advanced Calculus
260 ## - PUBLICATION, DISTRIBUTION, ETC. (IMPRINT)
Place of publication, distribution, etc. London
Name of publisher, distributor, etc. Macmillan press
Date of publication, distribution, etc. 1998
300 ## - PHYSICAL DESCRIPTION
Extent viii, 183p;
Other physical details ill :
Dimensions 15 cm
504 ## - BIBLIOGRAPHY, ETC. NOTE
Bibliography, etc includes bibliographical references and index
650 ## - SUBJECT ADDED ENTRY--TOPICAL TERM
Topical term or geographic name as entry element Calculus
9 (RLIN) 764
942 ## - ADDED ENTRY ELEMENTS (KOHA)
Source of classification or shelving scheme Dewey Decimal Classification
Koha item type Short Loan
Holdings
Withdrawn status Lost status Source of classification or shelving scheme Damaged status Not for loan Home library Current library Date acquired Source of acquisition Inventory number Total Checkouts Full call number Barcode Date last seen Koha item type
    Dewey Decimal Classification     MUST Main Library MUST Main Library 18/11/2015 Purchase 02/17387   515 DYK 1998 2015-2666 18/11/2015 Short Loan
    Dewey Decimal Classification     MUST Main Library MUST Main Library 25/11/2015 Purchase 02/17385   515 DYK 1998 2015-2773 25/11/2015 Short Loan
    Dewey Decimal Classification     MUST Main Library MUST Main Library 25/11/2015 Purchase 02/17386   515 DYK 1998 2015-2774 25/11/2015 Short Loan